logo

Bir Sreshtho Munshi Abdur Rouf Library
Jhenaidah Cadet College

Man's environment / (Record no. 9662)

MARC details
000 -LEADER
fixed length control field 00764nam a22002652a 4500
001 - CONTROL NUMBER
JCCL Control Number 9662
003 - CONTROL NUMBER IDENTIFIER
JCCL marc code BD -JhCC
005 - DATE AND TIME OF LATEST TRANSACTION
control field 20180325192055.0
008 - FIXED-LENGTH DATA ELEMENTS--GENERAL INFORMATION
fixed length control field 180321s1972 enka j 001 0 eng d
020 ## - INTERNATIONAL STANDARD BOOK NUMBER
International Standard Book Number 0356039846
035 ## - SYSTEM CONTROL NUMBER
system control number OCLC ocm11638518 from D951117M
-- (BD -JhCC)9662
040 ## - CATALOGING SOURCE
Original cataloging agency EUT
Transcribing agency EUT
Modifying agency EQO
-- BD -JhCC
041 ## - LANGUAGE CODE
Language code of Book eng
082 ## - DEWEY DECIMAL CLASSIFICATION NUMBER
Author mark and Year HAR 1972
Classification number 304.2
100 1# - MAIN ENTRY--PERSONAL NAME
Personal name Harris, Anne.
245 10 - TITLE STATEMENT
Title Man's environment /
Statement of responsibility, etc Anne Harris, Carolyn Harrison, Peter Smithson
260 ## - PUBLICATION, DISTRIBUTION, ETC. (IMPRINT)
Place of publication, distribution, etc London :
Name of publisher, distributor, etc Macdonald Educational,
Date of publication, distribution, etc 1972.
300 ## - PHYSICAL DESCRIPTION
Pagination 48 p. :
Other physical details ill. (part col.) ;
Dimensions 29 cm
500 ## - GENERAL NOTE
General note Includes index
650 ## - SUBJECT ADDED ENTRY--TOPICAL TERM
Topical term or geographic name as entry element Human ecology
700 1# - ADDED ENTRY--PERSONAL NAME
Personal name Harrison, Carolyn M.
700 1# - ADDED ENTRY--PERSONAL NAME
Personal name Smithson, Peter,
Dates associated with a name 1923-2003.
942 ## - ADDED ENTRY ELEMENTS (KOHA)
Source of classification or shelving scheme Dewey Decimal Classification
Koha item type Books
Holdings
Source of classification or shelving scheme Damaged status Not for loan Home library Current library Shelving location Date of accession Total Checkouts Full call number Barcode Date last seen Copy number Koha item type
Dewey Decimal Classification     JCC Rouf Library JCC Rouf Library General Stacks 03/25/2018   304.2 HAR 1972 12705 03/21/2018 C - 1 Books

JCC Library | Contacts | JCC Home

Last Update on 23 September 2017
Copyright @ 2017-2020 JCC Rouf Library
Rouf Library, Jhenidah Cadet College (JCC), Bangladesh